00506nam a2200193 a 4500001001300000003000900013005001700022008004100039020001000080082001600090100002200106245003800128260005400166300000800220500003500228505001100263650001600274700002200290nice12345678IN_TiNIC20260116012445.0050524s0000 hyda grp 000 0 urd  ac10000a297.93bQUL aQuli, Hussain Ali aDeen-E-Baabi Awr Haji Husain Quli aHyderabad bMarkazi Anjuman Taleemus Salat c0000 a64p aincludes index and biblioraphy2 aIndedx aBahai Faith1 aQuli, Hussain Ali